Southville International School and Colleges
Your cart is empty.
  • Cart
  • Lists
    Public lists Eva Luna New books Lux_list list_1
    Your lists Log in to create your own lists
  • Log in to your account
  • Your cookies
  • Search history
Southville International School and Colleges
  • Advanced search
  • Recent comments
  • Most popular
  • Libraries

Log in to your account

Log in with GOOGLE


If you do not have an external account, but do have a local account, you can still log in:

  1. Home
  2. MARC view: The pageant of painting,
Normal view MARC view ISBD view

The pageant of painting, (Record no. 288543)

[ view plain ]
MARC details
000 -LEADER
fixed length control field 00871cam a2200265 4500
001 - CONTROL NUMBER
control field 4535634
003 - CONTROL NUMBER IDENTIFIER
control field PILC
005 - DATE AND TIME OF LATEST TRANSACTION
control field 20150827150516.0
008 - FIXED-LENGTH DATA ELEMENTS--GENERAL INFORMATION
fixed length control field 700123s1967 nyuac 001 0 eng
010 ## - LIBRARY OF CONGRESS CONTROL NUMBER
LC control number 67018982
040 ## - CATALOGING SOURCE
Original cataloging agency DLC
Transcribing agency DLC
Modifying agency DLC
041 1# - LANGUAGE CODE
Language code of text/sound track or separate title engfre
050 00 - LIBRARY OF CONGRESS CALL NUMBER
Classification number ND 450
Item number .E813 1967
082 00 - DEWEY DECIMAL CLASSIFICATION NUMBER
Classification number 759.94
100 1# - MAIN ENTRY--PERSONAL NAME
Personal name Espezel, Pierre d',
Dates associated with a name 1893-
240 10 - UNIFORM TITLE
Uniform title <a href="Histoire de la peinture.">Histoire de la peinture.</a>
Language of a work English
245 14 - TITLE STATEMENT
Title The pageant of painting,
Remainder of title from the Byzantine to Picasso /
Statement of responsibility, etc Pierre d'Espezel and François Fosca.
260 ## - PUBLICATION, DISTRIBUTION, ETC. (IMPRINT)
Place of publication, distribution, etc New York :
Name of publisher, distributor, etc H. N. Abrams,
Date of publication, distribution, etc 1967.
300 ## - PHYSICAL DESCRIPTION
Extent 276 pages :
Other physical details illustrations (some color) ;
Dimensions 22 cm.
500 ## - GENERAL NOTE
General note Translation of Histoire de la peinture.
650 #0 - SUBJECT ADDED ENTRY--TOPICAL TERM
Topical term or geographic name as entry element Painting, European.
700 1# - ADDED ENTRY--PERSONAL NAME
Personal name Fosca, François,
Dates associated with a name 1881-
Relator term joint author.
906 ## - LOCAL DATA ELEMENT F, LDF (RLIN)
a 7
b cbc
c orignew
d u
e ncip
f 19
g y-gencatlg
942 ## - ADDED ENTRY ELEMENTS (KOHA)
Source of classification or shelving scheme Library of Congress Classification
Koha item type Books
Call number prefix Foreign
Holdings
Withdrawn status Lost status Source of classification or shelving scheme Damaged status Home library Current library Shelving location Date acquired Source of acquisition Total Checkouts Full call number Barcode Date last seen Price effective from Koha item type
    Library of Congress Classification   Archives Archives   08/27/2015 Donation   ND 450 .E813 1967 C19851 05/15/2018 08/27/2015 Books

The pageant of painting,

APA

Espezel P. d., Fosca F., . (1967). The pageant of painting. New York: H. N. Abrams.

Chicago

Espezel Pierre d', Fosca François, . 1967. The pageant of painting. New York: H. N. Abrams.

Harvard

Espezel P. d., Fosca F., . (1967). The pageant of painting. New York: H. N. Abrams.

MLA

Espezel Pierre d', Fosca François, . The pageant of painting. New York: H. N. Abrams. 1967.

  • Place hold
  • Print
  • Cite
  • Add to your cart (remove)
  • Save record
    BIBTEX Dublin Core MARCXML MARC (non-Unicode/MARC-8) MARC (Unicode/UTF-8) MARC (Unicode/UTF-8, Standard) MODS (XML) RIS
  • More searches
    Search for this title in:
    Other Libraries (WorldCat) Other Databases (Google Scholar) Online Stores (Bookfinder.com) Open Library (openlibrary.org)

Exporting to Dublin Core...

SOUTHVILLE LIBRARY

Southville International School and Colleges Library

1281 Tropical Ave. Cor. Luxembourg St., BF Homes International, Las Pinas City

Tel. No. 8256374 / 252358 Loc. 117/146

Powered by Koha